Handbook of Phytochemistry ( S.Y.B.Sc. ) (Record no. 367748)

MARC details
000 -LEADER
fixed length control field 00354nam a22001457a 4500
005 - DATE AND TIME OF LATEST TRANSACTION
control field 20250910155841.0
008 - FIXED-LENGTH DATA ELEMENTS--GENERAL INFORMATION
fixed length control field 250910b |||||||| |||| 00| 0 eng d
041 ## - LANGUAGE CODE
Language code of text/sound track or separate title Eng.
100 ## - MAIN ENTRY--PERSONAL NAME
Author Dhumal, K. N. & Sayyed, I.
245 ## - TITLE STATEMENT
Title Handbook of Phytochemistry ( S.Y.B.Sc. )
250 ## - EDITION STATEMENT
Edition statement 1st ed.
260 ## - PUBLICATION, DISTRIBUTION, ETC.
Place of publication, distribution, etc. Pune
Name of publisher, distributor, etc. Nirali
300 ## - PHYSICAL DESCRIPTION
Extent R.1
942 ## - ADDED ENTRY ELEMENTS (KOHA)
Koha item type Books
Holdings
Withdrawn status Lost status Source of classification or shelving scheme Damaged status Not for loan Home library Current library Date acquired Vendor Cost, normal purchase price Bill number Barcode Date last seen Bill Date Koha item type Original Barcode
    Dewey Decimal Classification     Shri Siddhivinayak Mahila Mahavidyalaya Shri Siddhivinayak Mahila Mahavidyalaya 10/09/2025 Nirali 90.00 P 72496 SSMM-BK-32819 10/09/2025 25/08/2028 Books 010032819
    Dewey Decimal Classification     Shri Siddhivinayak Mahila Mahavidyalaya Shri Siddhivinayak Mahila Mahavidyalaya 10/09/2025 Nirali 90.00 P 72496 SSMM-BK-32820 10/09/2025 25/08/2028 Books 010032820